[Event "Orsha Blitz 2019"]
[Site "Orsha"]
[Date "2019.01.19"]
[Round "3.10"]
[White "Tsaruk, Maksim"]
[Black "Loshakov, Dmitry"]
[Result "1-0"]
[WhiteElo "2329"]
[BlackElo "1960"]
[PlyCount "65"]
[EventDate "2019.01.19"]
[EventType "swiss (blitz)"]
[EventRounds "10"]
[EventCountry "BLR"]

1. e4 c5 2. Nf3 Nc6 3. d4 cxd4 4. Nxd4 Nf6 5. Nc3 e5 6. Ndb5 d6 7. Bg5 a6 8.
Na3 b5 9. Nd5 Be7 10. Bxf6 Bxf6 11. c3 O-O 12. Nc2 Be6 13. a4 bxa4 14. Rxa4 a5
15. Bc4 Bxd5 16. Bxd5 Qb6 17. O-O Rac8 18. Bxc6 Rxc6 19. Qa1 Rb8 20. Rxa5 h6
21. Nb4 Rc4 22. Ra6 Qb7 23. f3 Rxb4 24. cxb4 Qxb4 25. Ra8 Kh7 26. Rxb8 Qxb8 27.
Qa3 Qb6+ 28. Kh1 Bg5 29. b4 Bd2 30. Qa2 Qxb4 31. Qxf7 Qb5 32. Ra1 Bc3 33. Qf5+
1-0

[Event "Orsha Blitz 2019"]
[Site "Orsha"]
[Date "2019.01.19"]
[Round "4.2"]
[White "Vlassow, Valentin"]
[Black "Grishchenko, Sergey"]
[Result "0-1"]
[WhiteElo "2309"]
[BlackElo "2467"]
[PlyCount "51"]
[EventDate "2019.01.19"]
[EventType "swiss (blitz)"]
[EventRounds "10"]
[EventCountry "BLR"]

1. d4 d5 2. Bf4 Nf6 3. e3 e6 4. Nf3 Bd6 5. Bg3 Nc6 6. c3 Qe7 7. Bb5 Ne4 8. Nbd2
Nxg3 9. hxg3 Bd7 10. Qc2 h6 11. e4 dxe4 12. Nxe4 O-O-O 13. O-O-O Kb8 14. Nxd6
cxd6 15. Qe2 Na5 16. d5 Bxb5 17. Qxb5 Qc7 18. dxe6 fxe6 19. Nd4 Rhe8 20. Rhe1
a6 21. Qd3 e5 22. Nf5 d5 23. Kb1 Nc4 24. Ne3 Nb6 25. Qe2 d4 26. Qd2 0-1

[Event "Orsha Blitz 2019"]
[Site "Orsha"]
[Date "2019.01.19"]
[Round "4.3"]
[White "Zabotin, Alexander"]
[Black "Aliakbarov, Anar"]
[Result "1/2-1/2"]
[WhiteElo "2439"]
[BlackElo "2268"]
[PlyCount "54"]
[EventDate "2019.01.19"]
[EventType "swiss (blitz)"]
[EventRounds "10"]
[EventCountry "BLR"]

1. d4 d5 2. c4 e6 3. Nc3 Bb4 4. Nf3 Nf6 5. e3 O-O 6. Bd3 b6 7. O-O dxc4 8. Bxc4
Bb7 9. Qe2 Nbd7 10. Rd1 Ne4 11. d5 exd5 12. Nxd5 Bd6 13. Nd4 Qg5 14. f4 Qd8 15.
Nf5 Ndf6 16. Nxd6 Qxd6 17. Nxf6+ Qxf6 18. Rb1 Rad8 19. Bd2 Nxd2 20. Rxd2 Rxd2
21. Qxd2 Rd8 22. Qe2 Qg6 23. Re1 Be4 24. h3 Qg3 25. Qf2 Qxf2+ 26. Kxf2 Rd2+ 27.
Re2 Rxe2+ 1/2-1/2

[Event "Orsha Blitz 2019"]
[Site "Orsha"]
[Date "2019.01.19"]
[Round "4.4"]
[White "Novitzkij, Dmitrij"]
[Black "Teterev, Vitaly"]
[Result "0-1"]
[WhiteElo "2256"]
[BlackElo "2407"]
[PlyCount "62"]
[EventDate "2019.01.19"]
[EventType "swiss (blitz)"]
[EventRounds "10"]
[EventCountry "BLR"]

1. e4 c5 2. Nc3 Nc6 3. g3 g6 4. Bg2 Bg7 5. d3 d6 6. f4 Nf6 7. Nf3 O-O 8. O-O
Bg4 9. h3 Bxf3 10. Qxf3 Nd4 11. Qf2 Nd7 12. Nb1 Rc8 13. c3 Nc6 14. Nd2 b5 15.
a3 a5 16. Nf3 b4 17. axb4 axb4 18. Bd2 Rb8 19. d4 Na5 20. e5 Nb3 21. Ra7 bxc3
22. bxc3 Nb6 23. Rb1 Nc4 24. Be1 cxd4 25. cxd4 Nxd4 26. Rxb8 Nxf3+ 27. Bxf3
Qxb8 28. Rxe7 dxe5 29. fxe5 Nxe5 30. Bg2 Qd6 31. Ra7 Nd3 0-1

[Event "Orsha Blitz 2019"]
[Site "Orsha"]
[Date "2019.01.19"]
[Round "4.5"]
[White "Strybuk, Artsiom I"]
[Black "Meshkov, Yuri A"]
[Result "0-1"]
[WhiteElo "1994"]
[BlackElo "2387"]
[PlyCount "122"]
[EventDate "2019.01.19"]
[EventType "swiss (blitz)"]
[EventRounds "10"]
[EventCountry "BLR"]

1. d4 g6 2. c4 Bg7 3. Nc3 d6 4. e4 Nc6 5. Nf3 Bg4 6. Be3 e5 7. d5 Nd4 8. Be2
Bxf3 9. Bxf3 Ne7 10. Be2 c5 11. f3 O-O 12. O-O f5 13. Rb1 b6 14. a3 Kh8 15. Qd3
Ng8 16. Rbe1 Bh6 17. Bxh6 Nxh6 18. Qd2 Qh4 19. Bd3 f4 20. Qf2 Qf6 21. Nb5 Nxb5
22. cxb5 g5 23. g4 fxg3 24. hxg3 Ng8 25. Kg2 Ne7 26. Rh1 Ng6 27. Rh3 g4 28. Rh5
gxf3+ 29. Kh2 Qg7 30. Rf1 Ne7 31. Bc2 Rf6 32. Bd1 Raf8 33. Rh4 Qg5 34. Rh1 Rh6
35. Rf1 Rxh4+ 36. gxh4 Qf4+ 37. Qg3 Qxe4 38. Bxf3 Qg6 39. Qxg6 Nxg6 40. Kg3 Rf4
41. h5 Nh4 42. Be2 Nf5+ 43. Kh2 Rxf1 44. Bxf1 Kg7 45. Bg2 Kh6 46. Bf3 Kg5 47.
Kh3 Ne3 48. Be4 h6 49. Kg3 Nc4 50. b3 Nxa3 51. Bd3 Kxh5 52. Kf3 Kg5 53. Ke3 h5
54. Kf3 h4 55. Kf2 Kf4 56. Kg2 e4 57. Be2 Nc2 58. Kh3 Nd4 59. Bc4 Kg5 60. Bf1
e3 61. Kg2 e2 0-1

[Event "Orsha Blitz 2019"]
[Site "Orsha"]
[Date "2019.01.19"]
[Round "4.6"]
[White "Borsuk, Yuriy"]
[Black "Kononenko, Dmitry"]
[Result "1-0"]
[WhiteElo "2385"]
[BlackElo "2252"]
[PlyCount "127"]
[EventDate "2019.01.19"]
[EventType "swiss (blitz)"]
[EventRounds "10"]
[EventCountry "BLR"]

1. e4 e5 2. Nf3 Nf6 3. Nc3 Nc6 4. Bc4 Bc5 5. d3 d6 6. h3 h6 7. Be3 Bb6 8. O-O
Be6 9. Bb3 Qd7 10. Bxe6 fxe6 11. d4 exd4 12. Nxd4 Nxd4 13. Bxd4 Bxd4 14. Qxd4
e5 15. Qe3 O-O 16. Rad1 Qc6 17. Rd2 Rf7 18. f4 exf4 19. Rxf4 Qb6 20. Qxb6 axb6
21. Re2 Re7 22. a3 Rae8 23. Kf2 Re5 24. g4 Rc5 25. Rf5 Ree5 26. Rxe5 Rxe5 27.
Ke3 Re7 28. Kd4 Kf7 29. Rf2 Ke6 30. Nd5 Nxd5 31. exd5+ Kd7 32. c4 Ke8 33. Rf4
Rd7 34. h4 Rd8 35. g5 hxg5 36. hxg5 Rd7 37. g6 Re7 38. Rh4 Re1 39. Rh8+ Ke7 40.
Rc8 Kf6 41. Rxc7 Kxg6 42. Rxb7 Rd1+ 43. Kc3 Kf6 44. Rxb6 Ke5 45. Rb8 Rc1+ 46.
Kd3 Rd1+ 47. Ke3 Re1+ 48. Kd3 Rd1+ 49. Kc2 Rg1 50. Kb3 Kd4 51. Rd8 Rg3+ 52. Kb4
Ke5 53. Re8+ Kd4 54. Re6 Rg2 55. b3 Rf2 56. Rg6 Rf7 57. Rxd6 Rb7+ 58. Ka4 Kc3
59. c5 Rxb3 60. Rg6 Rb8 61. Rg4 g5 62. c6 Rd8 63. c7 Rc8 64. d6 1-0

[Event "Orsha Blitz 2019"]
[Site "Orsha"]
[Date "2019.01.19"]
[Round "4.7"]
[White "Vorobjov, Pavel"]
[Black "Lazavik, Denis"]
[Result "0-1"]
[WhiteElo "2369"]
[BlackElo "1978"]
[PlyCount "110"]
[EventDate "2019.01.19"]
[EventType "swiss (blitz)"]
[EventRounds "10"]
[EventCountry "BLR"]

1. Nf3 d5 2. g3 Nf6 3. Bg2 c6 4. O-O Bf5 5. d3 e6 6. Nbd2 Be7 7. Qe1 h6 8. e4
Bh7 9. Qe2 O-O 10. b3 a5 11. a4 Na6 12. Bb2 Nb4 13. Rfc1 dxe4 14. dxe4 Qc7 15.
Be5 Qd8 16. Ne1 Nd7 17. Bb2 Bf6 18. c3 Na6 19. f4 Nac5 20. e5 Be7 21. Qf2 Qc7
22. Ba3 Rfe8 23. Kh1 Rad8 24. Ra2 b5 25. axb5 cxb5 26. Qe2 Qb6 27. c4 b4 28.
Bb2 Nb8 29. Qe3 Qc7 30. Bd4 Ncd7 31. Ne4 Nc6 32. Ba1 Bxe4 33. Bxe4 Bc5 34. Qe2
Nd4 35. Bxd4 Bxd4 36. Nf3 Nc5 37. Bc2 a4 38. Nxd4 Rxd4 39. Rb2 Qc6+ 40. Kg1 a3
41. Rbb1 Red8 42. Rd1 Qd7 43. Rxd4 Qxd4+ 44. Kf1 Qc3 45. Rd1 Rf8 46. Bb1 Nxb3
47. Qe4 g6 48. h4 Nd2+ 49. Rxd2 Qxd2 50. h5 Kg7 51. hxg6 a2 52. Bxa2 Qxa2 53.
gxf7 b3 54. f5 exf5 55. e6 fxe4 0-1

[Event "Orsha Blitz 2019"]
[Site "Orsha"]
[Date "2019.01.19"]
[Round "4.8"]
[White "Krylov, Ivan"]
[Black "Semenov, Rinat"]
[Result "1-0"]
[WhiteElo "2312"]
[BlackElo "2158"]
[PlyCount "74"]
[EventDate "2019.01.19"]
[EventType "swiss (blitz)"]
[EventRounds "10"]
[EventCountry "BLR"]

1. Nf3 d5 2. g3 Nf6 3. Bg2 c6 4. O-O Bf5 5. d3 e6 6. Nfd2 h6 7. e4 Bh7 8. Nc3
Be7 9. f4 dxe4 10. dxe4 Nbd7 11. Kh1 O-O 12. Qe2 b5 13. e5 Nd5 14. Nce4 Nc5 15.
Nxc5 Bxc5 16. Ne4 Be7 17. c4 bxc4 18. Qxc4 Qc7 19. b3 Rfd8 20. Qe2 c5 21. Bb2
Rac8 22. Rac1 Qa5 23. a3 Bf5 24. Nd6 Bxd6 25. exd6 Qb6 26. g4 Bh7 27. Qe5 Nf6
28. g5 hxg5 29. Rcd1 Rd7 30. fxg5 Ne8 31. Rf3 Bg6 32. Rdf1 Rcd8 33. Qf4 Qxd6
34. Qh4 Qd2 35. Rh3 Kf8 36. Bf6 gxf6 37. gxf6 Nxf6 1-0

[Event "Orsha Blitz 2019"]
[Site "Orsha"]
[Date "2019.01.19"]
[Round "4.9"]
[White "Gogolev, Artem"]
[Black "Spizharny, Mikhail"]
[Result "0-1"]
[WhiteElo "2301"]
[BlackElo "2020"]
[PlyCount "117"]
[EventDate "2019.01.19"]
[EventType "swiss (blitz)"]
[EventRounds "10"]
[EventCountry "BLR"]

1. c4 Nf6 2. Nf3 c6 3. g3 d5 4. b3 Bf5 5. Bb2 e6 6. Bg2 h6 7. O-O Be7 8. d3 O-O
9. Nbd2 a5 10. a3 Na6 11. cxd5 cxd5 12. Rc1 Rc8 13. Rxc8 Qxc8 14. Qa1 Qd7 15.
Rc1 Rc8 16. Nd4 Bh7 17. N2f3 Bd6 18. a4 Rxc1+ 19. Qxc1 Nb4 20. Nb5 Bb8 21. Ne5
Qd8 22. Qc3 Ne8 23. Qc5 Nd6 24. Bc3 Na6 25. Qd4 f6 26. Nf3 b6 27. Bh3 Nf5 28.
Bxf5 Bxf5 29. Bd2 Nc5 30. Qb2 e5 31. Be3 Ne6 32. Qc2 d4 33. Bd2 Nc7 34. Nxc7
Qxc7 35. Qb2 Be6 36. Be1 Qc6 37. Nd2 Bd5 38. Nc4 Bd6 39. Qc2 Be7 40. f3 Kf7 41.
Bd2 Kf8 42. Kf2 Kf7 43. Bc1 Bf8 44. e4 dxe3+ 45. Bxe3 Bc5 46. Qb2 Bxe3+ 47.
Nxe3 Bxf3 48. d4 e4 49. Nc4 Bg4 50. Qd2 Be6 51. Ne3 Qd7 52. d5 Bh3 53. Qd4 f5
54. Qxb6 Qe7 55. d6 Qe5 56. Qc7+ Kg6 57. Qc6 f4 58. gxf4 Qxf4+ 59. Ke2 0-1

[Event "Orsha Blitz 2019"]
[Site "Orsha"]
[Date "2019.01.19"]
[Round "4.10"]
[White "Navumenka, Mikhei"]
[Black "Vashchilov, Sergey"]
[Result "0-1"]
[WhiteElo "1901"]
[BlackElo "2098"]
[PlyCount "62"]
[EventDate "2019.01.19"]
[EventType "swiss (blitz)"]
[EventRounds "10"]
[EventCountry "BLR"]

1. c4 e6 2. Nc3 d5 3. d4 Nf6 4. Bg5 Be7 5. Nf3 O-O 6. e3 h6 7. Bh4 b6 8. cxd5
Nxd5 9. Bxe7 Nxe7 10. Be2 Bb7 11. O-O Nd7 12. Rc1 a6 13. b4 c5 14. bxc5 bxc5
15. Qa4 cxd4 16. Nxd4 Nc5 17. Qa3 Rc8 18. Rfd1 Qe8 19. h3 Nf5 20. Nxf5 exf5 21.
Nd5 Bxd5 22. Rxd5 Ne4 23. Rxf5 Qe6 24. Ra5 Qf6 25. Bf3 Nd2 26. Bd5 Rfd8 27.
Rxc8 Rxc8 28. g3 Qa1+ 29. Kg2 Qf1+ 30. Kh2 Qxf2+ 31. Bg2 Nf3+ 0-1

[Event "Orsha Blitz 2019"]
[Site "Orsha"]
[Date "2019.01.19"]
[Round "5.2"]
[White "Grishchenko, Sergey"]
[Black "Borsuk, Yuriy"]
[Result "0-1"]
[WhiteElo "2467"]
[BlackElo "2385"]
[PlyCount "88"]
[EventDate "2019.01.19"]
[EventType "swiss (blitz)"]
[EventRounds "10"]
[EventCountry "BLR"]

1. d4 d5 2. c4 e6 3. Nc3 Nf6 4. cxd5 exd5 5. Bg5 Be7 6. e3 Nbd7 7. Bd3 O-O 8.
Nge2 h6 9. Bf4 c6 10. O-O Re8 11. Qc2 Nf8 12. Kh1 Ne6 13. Be5 b6 14. f3 Bb7 15.
Rad1 Rc8 16. e4 c5 17. Bb5 Rf8 18. dxc5 Rxc5 19. Qa4 a6 20. Bd3 b5 21. Qb3 d4
22. Bxf6 Bxf6 23. Nd5 Bxd5 24. exd5 Qxd5 25. Qa3 Qd6 26. Be4 Rd8 27. Ng3 g6 28.
Bb7 Qb6 29. Ne4 Rf5 30. Nxf6+ Rxf6 31. Qxa6 Qxa6 32. Bxa6 Rb8 33. Rc1 Nf4 34.
Bc8 Rd6 35. Rfd1 d3 36. g3 Ne2 37. Rc5 f5 38. Kg2 Kf7 39. Kf2 Ke7 40. g4 Kd8
41. Ba6 Nf4 42. Bxb5 fxg4 43. fxg4 Ke7 44. a4 Kf6 0-1

[Event "Orsha Blitz 2019"]
[Site "Orsha"]
[Date "2019.01.19"]
[Round "5.3"]
[White "Teterev, Vitaly"]
[Black "Lazavik, Denis"]
[Result "0-1"]
[WhiteElo "2407"]
[BlackElo "1978"]
[PlyCount "100"]
[EventDate "2019.01.19"]
[EventType "swiss (blitz)"]
[EventRounds "10"]
[EventCountry "BLR"]

1. Nf3 d5 2. g3 Nf6 3. Bg2 c6 4. O-O Bf5 5. c4 e6 6. d3 Be7 7. cxd5 cxd5 8. Qb3
Qb6 9. Qxb6 axb6 10. Nc3 O-O 11. a3 Nc6 12. Bf4 Rfc8 13. h3 h6 14. Nb5 Ne8 15.
b4 Bh7 16. Rfe1 g5 17. Be3 Bd8 18. Rac1 Kf8 19. h4 f6 20. Bh3 Ke7 21. Bd2 Na7
22. Nbd4 Bg8 23. e4 Rxc1 24. Bxc1 dxe4 25. Rxe4 Nd6 26. Re1 e5 27. Nf5+ Nxf5
28. Bxf5 Be6 29. Bxe6 Kxe6 30. d4 g4 31. Nh2 h5 32. Bb2 Bc7 33. Nf1 Nc6 34. Ne3
Nxd4 35. Bxd4 exd4 36. Nxg4+ Kf5 37. Nh2 Rxa3 38. Rd1 Be5 39. Kg2 Ke4 40. Nf3
d3 41. Re1+ Kd5 42. Rd1 Kc4 43. Nd2+ Kc3 44. Ne4+ Kxb4 45. g4 hxg4 46. h5 f5
47. Ng3 Bxg3 48. Kxg3 Kc3 49. h6 Ra8 50. Kf4 Kc2 0-1

[Event "Orsha Blitz 2019"]
[Site "Orsha"]
[Date "2019.01.19"]
[Round "5.4"]
[White "Vashchilov, Sergey"]
[Black "Zabotin, Alexander"]
[Result "0-1"]
[WhiteElo "2098"]
[BlackElo "2439"]
[PlyCount "50"]
[EventDate "2019.01.19"]
[EventType "swiss (blitz)"]
[EventRounds "10"]
[EventCountry "BLR"]

1. e4 c5 2. Nf3 d6 3. d4 cxd4 4. Nxd4 Nf6 5. f3 e5 6. Nb3 Be6 7. c4 Nbd7 8. Nc3
Rc8 9. Nd5 b5 10. cxb5 Bxd5 11. exd5 Nb6 12. Bg5 Be7 13. Bxf6 Bxf6 14. a4 e4
15. a5 Bxb2 16. axb6 Bc3+ 17. Kf2 Qxb6+ 18. Kg3 Be5+ 19. Kh3 exf3 20. Ra6 fxg2
21. Kxg2 Qe3 22. Rc6 Qg5+ 23. Kh3 O-O 24. Bd3 Rce8 25. Qf3 Bf4 0-1

[Event "Orsha Blitz 2019"]
[Site "Orsha"]
[Date "2019.01.19"]
[Round "5.5"]
[White "Spizharny, Mikhail"]
[Black "Krylov, Ivan"]
[Result "0-1"]
[WhiteElo "2020"]
[BlackElo "2312"]
[PlyCount "162"]
[EventDate "2019.01.19"]
[EventType "swiss (blitz)"]
[EventRounds "10"]
[EventCountry "BLR"]

1. e4 g6 2. d4 c6 3. f4 d5 4. e5 h5 5. Nf3 Nh6 6. Bd3 Bf5 7. O-O e6 8. Nc3 Be7
9. Be3 Bxd3 10. Qxd3 Nf5 11. Nd1 Nd7 12. Bf2 c5 13. Ne3 Nxd4 14. Nxd4 cxd4 15.
Qxd4 Bc5 16. Qd2 O-O 17. c3 b5 18. Nc2 Qb6 19. Nd4 b4 20. Rfd1 Rfc8 21. Rac1
bxc3 22. Qxc3 Kg7 23. Qd2 Rab8 24. b3 Qa6 25. Qe2 Qxe2 26. Nxe2 Ba3 27. Rxc8
Rxc8 28. Bxa7 Rc2 29. Nd4 Rxa2 30. Kf1 Bb4 31. Nc6 Bd2 32. b4 Bxf4 33. b5 Nxe5
34. Bb8 Nxc6 35. Bxf4 Na5 36. b6 f6 37. Rb1 e5 38. b7 Nxb7 39. Rxb7+ Kg8 40.
Bh6 Ra1+ 41. Ke2 Ra2+ 42. Kf3 Ra3+ 43. Kf2 Ra2+ 44. Kf3 Ra3+ 45. Kf2 Rd3 46.
Rg7+ Kf8 47. Rxg6+ Kf7 48. Rg3 Rd1 49. Ra3 d4 50. Ke2 Rb1 51. Bd2 Kg6 52. Rf3
Rb2 53. Rg3+ Kf7 54. Rh3 e4 55. Ke1 Kg6 56. Kd1 e3 57. Bxe3 dxe3 58. Rxe3 Rxg2
59. h3 Kf5 60. Rf3+ Kg5 61. Ke1 f5 62. Kf1 Ra2 63. Kg1 f4 64. Rb3 Kh4 65. Rf3
Kg5 66. Rb3 Rc2 67. Ra3 Re2 68. Rb3 Re3 69. Rb5+ Kh4 70. Rf5 Kg3 71. Rg5+ Kh4
72. Rf5 Kg3 73. Rg5+ Kf3 74. Rxh5 Re1+ 75. Kh2 Kf2 76. Ra5 f3 77. Ra3 Re2 78.
Kh1 Re3 79. Ra1 Kg3 80. h4 f2 81. Rf1 Re1 0-1

[Event "Orsha Blitz 2019"]
[Site "Orsha"]
[Date "2019.01.19"]
[Round "5.6"]
[White "Aliakbarov, Anar"]
[Black "Zeliantsova, Kseniya"]
[Result "1-0"]
[WhiteElo "2268"]
[BlackElo "1870"]
[PlyCount "149"]
[EventDate "2019.01.19"]
[EventType "swiss (blitz)"]
[EventRounds "10"]
[EventCountry "BLR"]

1. d4 Nf6 2. c4 g6 3. Nc3 d5 4. Nf3 Bg7 5. Qb3 dxc4 6. Qxc4 c6 7. e4 O-O 8. Qb3
Qc7 9. e5 Be6 10. exf6 Bxb3 11. fxg7 Kxg7 12. axb3 Nd7 13. Be2 Nf6 14. O-O b5
15. Be3 a5 16. Rfc1 Qd7 17. Ne5 Qe6 18. Bf3 Qxb3 19. Bxc6 Rab8 20. Rxa5 Qxb2
21. Nd3 Qb3 22. Nc5 Qb4 23. Rxb5 Rxb5 24. Bxb5 Ng4 25. Be2 Nxe3 26. fxe3 Qb2
27. Nd3 Qd2 28. Kf2 Rc8 29. Ne4 Qxd3 30. Bxd3 Rxc1 31. Kf3 Ra1 32. Bc4 e6 33.
Nd2 Ra4 34. e4 Ra3+ 35. Ke2 Kf6 36. Bd3 Ra4 37. Ke3 Ra3 38. Nc4 Rb3 39. e5+ Ke7
40. Na5 Ra3 41. Nc6+ Kd7 42. Nb4 Rb3 43. Nc2 Ke7 44. Ne1 f6 45. exf6+ Kxf6 46.
Nf3 Rb2 47. Be2 Rb3+ 48. Kf4 Rb2 49. Ke3 Rb3+ 50. Kf2 Rb2 51. h4 Kf5 52. Ke3
Rb3+ 53. Bd3+ Kf6 54. g4 Ra3 55. g5+ Ke7 56. Ne5 Rc3 57. Kd2 Ra3 58. h5 Ra2+
59. Ke3 Rg2 60. hxg6 hxg6 61. Nxg6+ Kf7 62. Ne5+ Kg7 63. g6 Rg3+ 64. Kd2 Rg2+
65. Kc3 Rg3 66. Kc4 Kf6 67. Kc5 Rg1 68. Kc4 Rc1+ 69. Kb3 Rd1 70. Kc2 Rg1 71.
Nd7+ Ke7 72. Nc5 Rg2+ 73. Kc3 Rg3 74. Kc4 Kd6 75. Ne4+ 1-0

[Event "Orsha Blitz 2019"]
[Site "Orsha"]
[Date "2019.01.19"]
[Round "5.7"]
[White "Goltseva, Ekaterina"]
[Black "Moskalenko, Alexander"]
[Result "0-1"]
[WhiteElo "2150"]
[BlackElo "2510"]
[PlyCount "70"]
[EventDate "2019.01.19"]
[EventType "swiss (blitz)"]
[EventRounds "10"]
[EventCountry "BLR"]

1. d4 Nf6 2. c4 b6 3. Nc3 Bb7 4. d5 e6 5. a3 Bd6 6. Nf3 O-O 7. Bg5 h6 8. Bh4
Re8 9. e3 Be7 10. Be2 Nxd5 11. cxd5 Bxh4 12. Nxh4 Qxh4 13. O-O c6 14. d6 c5 15.
Nb5 Na6 16. f3 Bc6 17. e4 Bxb5 18. Bxb5 Nb8 19. b4 a6 20. Be2 Nc6 21. bxc5 bxc5
22. Rb1 Qf4 23. Qd3 Nd4 24. Rb7 Qxd6 25. Rfb1 Reb8 26. Bf1 Rxb7 27. Rxb7 a5 28.
Qc4 Qc6 29. Rb1 d5 30. exd5 exd5 31. Qd3 Ne6 32. Rd1 Rd8 33. Qc3 a4 34. Qa5 c4
35. Rc1 Qc5+ 0-1

[Event "Orsha Blitz 2019"]
[Site "Orsha"]
[Date "2019.01.19"]
[Round "5.8"]
[White "Kuleshov, Konstantin"]
[Black "Mihajlovskij, Sergei"]
[Result "1-0"]
[WhiteElo "2052"]
[BlackElo "2406"]
[PlyCount "65"]
[EventDate "2019.01.19"]
[EventType "swiss (blitz)"]
[EventRounds "10"]
[EventCountry "BLR"]

1. d4 g6 2. c4 Bg7 3. Nc3 d6 4. e4 Nc6 5. Be3 e5 6. Nge2 exd4 7. Nxd4 Nge7 8.
Be2 O-O 9. O-O f5 10. exf5 Bxd4 11. Bxd4 Nxf5 12. Be3 Nxe3 13. fxe3 Rxf1+ 14.
Bxf1 Be6 15. b3 Ne5 16. Qd2 Qg5 17. Be2 Bh3 18. g3 Rf8 19. Nd5 Qd8 20. Nf4 Bf5
21. Rf1 Be4 22. Qd4 Bc6 23. Nd5 Rxf1+ 24. Kxf1 b6 25. Qf4 Kg7 26. h4 Bd7 27. h5
g5 28. Qe4 c6 29. Nc3 Qf6+ 30. Ke1 Qf5 31. Qd4 Qh3 32. Ne4 Bg4 33. Qxd6 1-0

[Event "Orsha Blitz 2019"]
[Site "Orsha"]
[Date "2019.01.19"]
[Round "5.9"]
[White "Yashmetov, Mikhail"]
[Black "Loshakov, Dmitry"]
[Result "1-0"]
[WhiteElo "2375"]
[BlackElo "1960"]
[PlyCount "57"]
[EventDate "2019.01.19"]
[EventType "swiss (blitz)"]
[EventRounds "10"]
[EventCountry "BLR"]

1. Nf3 Nf6 2. g3 g6 3. Bg2 Bg7 4. O-O O-O 5. d4 d6 6. b3 c5 7. Bb2 cxd4 8. Nxd4
Qb6 9. c4 Nc6 10. Nxc6 bxc6 11. Nc3 Bb7 12. Na4 Qc7 13. c5 d5 14. Rc1 e5 15. b4
Nd7 16. Qd2 a5 17. b5 e4 18. Bxg7 Kxg7 19. Nb6 Nxb6 20. cxb6 Qxb6 21. bxc6 Ba6
22. Qxd5 Bxe2 23. Rfe1 Bd3 24. Bxe4 Bxe4 25. Qxe4 Rac8 26. a4 Rfe8 27. Qxe8
Rxe8 28. Rxe8 Qc7 29. Re7 1-0

[Event "Orsha Blitz 2019"]
[Site "Orsha"]
[Date "2019.01.19"]
[Round "5.10"]
[White "Strybuk, Artsiom I"]
[Black "Vorobjov, Pavel"]
[Result "1-0"]
[WhiteElo "1994"]
[BlackElo "2369"]
[PlyCount "107"]
[EventDate "2019.01.19"]
[EventType "swiss (blitz)"]
[EventRounds "10"]
[EventCountry "BLR"]

1. d4 Nf6 2. c4 e5 3. dxe5 Ng4 4. Nf3 Bc5 5. e3 Nc6 6. b3 O-O 7. Bb2 Re8 8.
Nbd2 Ngxe5 9. Be2 Nxf3+ 10. Bxf3 Ne5 11. Be2 a5 12. O-O Ra6 13. Nf3 Nxf3+ 14.
Bxf3 Rh6 15. g3 d6 16. Qd2 Bh3 17. Rfe1 c6 18. a3 Qb6 19. Qc3 f6 20. Rad1 Re5
21. Qc2 Re7 22. Bd4 Bxd4 23. exd4 Rxe1+ 24. Rxe1 Qxd4 25. Qe2 Qe5 26. Qd2 Qc5
27. b4 axb4 28. axb4 Qf5 29. Qxd6 Qd7 30. Qxd7 Bxd7 31. Re7 Bh3 32. Rxb7 f5 33.
Bg2 Bg4 34. Rc7 Rd6 35. h3 Rd1+ 36. Kh2 Bh5 37. Rxc6 Rd2 38. Bd5+ Kf8 39. Kg2
Be8 40. Rc8 Ke7 41. Rc7+ Kd6 42. Rxg7 Bg6 43. Rg8 f4 44. gxf4 Rb2 45. b5 Bf5
46. Rd8+ Kc5 47. Rf8 Bd3 48. f5 Rb1 49. f6 Bf1+ 50. Kh2 Rb3 51. Kg1 Bxh3 52. f7
Kd4 53. Re8 Rb1+ 54. Kh2 1-0

[Event "Orsha Blitz 2019"]
[Site "Orsha"]
[Date "2019.01.19"]
[Round "6.2"]
[White "Lazavik, Denis"]
[Black "Zabotin, Alexander"]
[Result "1/2-1/2"]
[WhiteElo "1978"]
[BlackElo "2439"]
[PlyCount "61"]
[EventDate "2019.01.19"]
[EventType "swiss (blitz)"]
[EventRounds "10"]
[EventCountry "BLR"]

1. d4 Nf6 2. c4 g6 3. g3 Bg7 4. Bg2 d5 5. cxd5 Nxd5 6. Nf3 O-O 7. O-O Nb6 8.
Nc3 Nc6 9. e3 Re8 10. Re1 e5 11. d5 Na5 12. e4 c6 13. b3 Bg4 14. Ba3 cxd5 15.
exd5 e4 16. Nxe4 Qxd5 17. Qxd5 Nxd5 18. Rad1 Nf6 19. Nxf6+ Bxf6 20. h3 Rxe1+
21. Rxe1 Be6 22. Nd2 Bc3 23. Re2 Nc6 24. Ne4 Bg7 25. Nc5 Nd4 26. Rd2 Rd8 27.
Nxe6 Nxe6 28. Rxd8+ Nxd8 29. Kf1 Bf8 30. Bb2 Bc5 31. Ke2 1/2-1/2

[Event "Orsha Blitz 2019"]
[Site "Orsha"]
[Date "2019.01.19"]
[Round "6.3"]
[White "Krylov, Ivan"]
[Black "Aliakbarov, Anar"]
[Result "1-0"]
[WhiteElo "2312"]
[BlackElo "2268"]
[PlyCount "77"]
[EventDate "2019.01.19"]
[EventType "swiss (blitz)"]
[EventRounds "10"]
[EventCountry "BLR"]

1. Nf3 d5 2. g3 Nf6 3. Bg2 e6 4. O-O Be7 5. c4 O-O 6. d4 dxc4 7. Qc2 c6 8. Qxc4
b5 9. Qc2 Bb7 10. Rd1 Nbd7 11. Nc3 Qb6 12. e4 c5 13. d5 exd5 14. e5 Ne8 15.
Nxd5 Bxd5 16. Rxd5 Rd8 17. Bg5 f6 18. Rad1 fxg5 19. Rxd7 Rxd7 20. Rxd7 Qe6 21.
Nxg5 Qf5 22. Qxf5 Rxf5 23. Rxe7 Kf8 24. Rxe8+ Kxe8 25. f4 h6 26. Ne4 Ke7 27.
Nxc5 Rf8 28. b4 Rd8 29. Bc6 Rd1+ 30. Kg2 Rd2+ 31. Kh3 Rxa2 32. Bxb5 Rb2 33. Nd3
Rb3 34. Kg4 g6 35. h4 Ra3 36. h5 gxh5+ 37. Kxh5 a6 38. Bc4 Rc3 39. Bxa6 1-0

[Event "Orsha Blitz 2019"]
[Site "Orsha"]
[Date "2019.01.19"]
[Round "6.4"]
[White "Moskalenko, Alexander"]
[Black "Kuleshov, Konstantin"]
[Result "1/2-1/2"]
[WhiteElo "2510"]
[BlackElo "2052"]
[PlyCount "150"]
[EventDate "2019.01.19"]
[EventType "swiss (blitz)"]
[EventRounds "10"]
[EventCountry "BLR"]

1. Nf3 f5 2. d3 d6 3. e4 e5 4. Nc3 Nf6 5. exf5 Bxf5 6. d4 e4 7. Nh4 Bg4 8. Be2
Bxe2 9. Qxe2 Nc6 10. Nxe4 Nxe4 11. Qxe4+ Be7 12. Nf5 O-O 13. Nxe7+ Qxe7 14.
Qxe7 Nxe7 15. Be3 Nf5 16. O-O Rae8 17. Rae1 Re4 18. c3 Rfe8 19. Bd2 Re2 20.
Rxe2 Rxe2 21. Rd1 Kf7 22. Kf1 Re8 23. f3 c6 24. Kf2 d5 25. Bf4 b5 26. g4 Ne7
27. Bd6 Ng6 28. a4 Rd8 29. Bg3 a6 30. axb5 axb5 31. Ra1 Rd7 32. Ra6 Ne7 33. Bh4
Rc7 34. Bg3 Rd7 35. Be5 Rb7 36. b4 Rd7 37. f4 g6 38. h4 Ke6 39. Kf3 Rb7 40. Kg3
Rd7 41. Kf3 Rb7 42. Bg7 Kd7 43. Bf8 Rc7 44. Bxe7 Kxe7 45. Ra8 Kf7 46. Rd8 h5
47. Rd6 Kg7 48. g5 Kf7 49. Rf6+ Kg7 50. f5 gxf5 51. Kf4 Re7 52. Kxf5 Re4 53.
Rxc6 Rxh4 54. Rc7+ Kf8 55. Kg6 Rh3 56. Rc5 h4 57. Kh7 Rg3 58. g6 h3 59. Rxd5 h2
60. Rf5+ Ke7 61. Rh5 Rg2 62. g7 Kf7 63. g8=Q+ Rxg8 64. Rxh2 Rg3 65. Rf2+ Ke6
66. Re2+ Kd6 67. Re5 Rxc3 68. Rxb5 Rc4 69. d5 Rd4 70. Kg6 Rxd5 71. Rb8 Kc6 72.
Kf6 Rb5 73. Rc8+ Kd5 74. Rd8+ Kc4 75. Rc8+ Kxb4 1/2-1/2